Journalist's handbook. (Record no. 104781)

MARC details
000 -LEADER
fixed length control field 00496nam a2200205Ia 4500
003 - CONTROL NUMBER IDENTIFIER
control field OSt
005 - DATE AND TIME OF LATEST TRANSACTION
control field 20230401120356.0
008 - FIXED-LENGTH DATA ELEMENTS--GENERAL INFORMATION
fixed length control field 210210b2002 xxu||||| |||| 00| 0 eng d
020 ## - INTERNATIONAL STANDARD BOOK NUMBER
International Standard Book Number 0 7069 7375 5
040 ## - CATALOGING SOURCE
Transcribing agency AL
041 ## - LANGUAGE CODE
Language code of text/sound track or separate title English
082 ## - DEWEY DECIMAL CLASSIFICATION NUMBER
Classification number 070 KAMJ
100 ## - MAIN ENTRY--PERSONAL NAME
Personal name KAMATH (M V).
9 (RLIN) 81746
245 ## - TITLE STATEMENT
Title Journalist's handbook.
260 ## - PUBLICATION, DISTRIBUTION, ETC.
Place of publication, distribution, etc. New Delhi.
Name of publisher, distributor, etc. Vikas Publishing House Pvt Ltd.,
Date of publication, distribution, etc. 2002
300 ## - PHYSICAL DESCRIPTION
Extent 313
690 ## - LOCAL SUBJECT ADDED ENTRY--TOPICAL TERM (OCLC, RLIN)
Topical term or geographic name as entry element Journalism
9 (RLIN) 81747
906 ## - LOCAL DATA ELEMENT F, LDF (RLIN)
a 057456
942 ## - ADDED ENTRY ELEMENTS (KOHA)
Source of classification or shelving scheme Dewey Decimal Classification
Koha item type Book
Holdings
Withdrawn status Lost status Source of classification or shelving scheme Damaged status Not for loan Collection code Home library Current library Date acquired Source of acquisition Cost, normal purchase price Total Checkouts Full call number Barcode Date last seen Price effective from Koha item type
    Dewey Decimal Classification     Journalism St Aloysius Library St Aloysius Library 02/17/2021 Athree Book Centre, Mangalore-01. 60.00   070 KAMJ 047231 02/17/2021 02/17/2021 Book
    Dewey Decimal Classification     Journalism St Aloysius Library St Aloysius Library 02/17/2021   50.00   070 KAMJ 047281 02/17/2021 02/17/2021 Book
    Dewey Decimal Classification     Journalism St Aloysius Library St Aloysius Library 02/17/2021 Athree Book Centre, Mangalore-01. 60.00   070 KAMJ 047230 02/17/2021 02/17/2021 Book
    Dewey Decimal Classification     Journalism St Aloysius Library St Aloysius Library 02/17/2021   50.00   070 KAMJ 047578 02/17/2021 02/17/2021 Book
    Dewey Decimal Classification     Journalism St Aloysius Library St Aloysius Library 02/17/2021 Higginbothams (P) Ltd., Mangalore-01. 95.00   070 KAMJ 056381 02/17/2021 02/17/2021 Book
    Dewey Decimal Classification     Journalism St Aloysius Library St Aloysius Library 02/17/2021 Book World, Mangalore. 135.00   070 KAMJ 057456 02/17/2021 02/17/2021 Book